banner koha

Compêndio brasileiro de alimentação animal 2013 (Registro n. 86481)

MARC details
000 -LÍDER
Campo de controle fixo 00855nam a22003137a 4500
001 - NÚMERO DE CONTROLE
Número de controle BR2023001954
003 - CÓDIGO MARC DA AGÊNCIA CATALOGADORA
Campo de controle BR-BrBNA
005 - DATA E HORA DA ÚLTIMA ATUALIZAÇÃO
Campo de controle 20231015160317.0
008 - CAMPO DE TAMANHO FIXO
Campo fixo de controle 231015b bl.||||| |||| 00| 0 por d
040 ## - FONTE DA CATALOGAÇÃO
Agência catalogadora BR-BrBNA
Idioma da catalogação por
041 ## - CÓDIGO DO IDIOMA
Código do Idioma por
072 ## - CATEGORIA AGRIS
Código da categoria de assunto/objeto <a href="L02 ; Q52 ; Q54">L02 ; Q52 ; Q54</a>
Código do objeto 8954
090 ## - NÚMERO DE CHAMADA
Localização na estante 8954 BR2023001954
100 ## - ENTRADA PRINCIPAL - NOME PESSOAL
Nome pessoal Caputi, Bruno (ed.)
110 1# - ENTRADA PRINCIPAL - ENTIDADE
9 (RLIN) 9546
Nome da entidade ou lugar Sindicato Nacional da Indústria de Alimentação Animal, São Paulo, SP (Brasil)
245 ## - TÍTULO PRINCIPAL
Título principal Compêndio brasileiro de alimentação animal 2013
260 ## - IMPRENTA (PUBLICAÇÃO, DISTRIBUIÇÃO, ETC.)
Lugar de publicação, distribuição, etc. São Paulo, SP (Brasil)
Data de publicação, distribuição, etc 2013
300 ## - DESCRIÇÃO FÍSICA
Extensão 764 p.
650 ## - ASSUNTO - THESAGRO
Cabeçalho tópico ou nome geográfico RAÇÃO
650 ## - ASSUNTO - THESAGRO
Cabeçalho tópico ou nome geográfico ALIMENTAÇÃO ANIMAL
650 ## - ASSUNTO - THESAGRO
Cabeçalho tópico ou nome geográfico MATÉRIA PRIMA
650 ## - ASSUNTO - THESAGRO
Cabeçalho tópico ou nome geográfico ADITIVO
650 ## - ASSUNTO - THESAGRO
Cabeçalho tópico ou nome geográfico PERFORMACE
650 ## - ASSUNTO - THESAGRO
Cabeçalho tópico ou nome geográfico MÉTODO
650 ## - ASSUNTO - THESAGRO
Cabeçalho tópico ou nome geográfico QUALIDADE
650 ## - ASSUNTO - THESAGRO
Cabeçalho tópico ou nome geográfico LEGISLAÇÃO
909 ## - IDENTIFICAÇÃO DO CATALOGADOR
Ano e mês da catalogação (aaaamm) 202310
Identificação do catalogador Fernando
942 ## - TIPO ESPECÍFICO
Tipo de material Livros
952 ## - LOCATION AND ITEM INFORMATION (KOHA)
-- 2023-10-15
Exemplares
Status de empréstimo Fonte de classificação Status de danificação Não pode ser emprestado Código da coleção Localização permanente Localização atual Localização na estante Total Checkouts Número de chamada Código de barras Tipo de material
  Classificação AGRIS     Agrobase Biblioteca Nacional de Agricultura - Binagri Biblioteca Nacional de Agricultura - Binagri Agrobase - Acervo Geral   8954 BR2023001954 2023-436528 Livros

BINAGRI

Telefone: (61)3218-2567/2388/3357/2097 - binagri@agro.gov.br

Ministério da Agricultura e Pecuária , Esplanada dos Ministérios, Bloco D, Anexo B, Brasília/DF, CEP: 70.043-900